Constitutional law and judicial activism (Record no. 354329)

000 -LEADER
fixed length control field 00404cam a22001337a 4500
008 - FIXED-LENGTH DATA ELEMENTS--GENERAL INFORMATION
fixed length control field 180718b1990 xxu||||| |||| 00| 0 eng d
082 ## - DEWEY DECIMAL CLASSIFICATION NUMBER
Classification number C4x54 Sh23c
100 ## - MAIN ENTRY--PERSONAL NAME
Personal name Sharma, B.R.
245 ## - TITLE STATEMENT
Title Constitutional law and judicial activism
Statement of responsibility, etc. by B.R. Sharma
260 ## - PUBLICATION, DISTRIBUTION, ETC.
Place of publication, distribution, etc. Delhi
Name of publisher, distributor, etc. Ashish
Date of publication, distribution, etc. 1990
300 ## - PHYSICAL DESCRIPTION
Extent 282p.
650 ## - SUBJECT ADDED ENTRY--TOPICAL TERM
Topical term or geographic name entry element Constitutional law --India.
650 ## - SUBJECT ADDED ENTRY--TOPICAL TERM
Topical term or geographic name entry element Political questions and judicial power --India
Holdings
Withdrawn status Lost status Damaged status Not for loan Permanent Location Current Location Date acquired Full call number Barcode Date last seen Price effective from Koha item type Source of classification or shelving scheme
        Indian Institute of Public Administration Indian Institute of Public Administration 1993-12-09 C4x54 Sh23c 65681 2018-07-21 2018-07-21 Book  
        Indian Institute of Public Administration Indian Institute of Public Administration 2021-01-21 TNC C4x54 Sh23c GR22557 2021-01-21 2021-01-21 GR  

Powered by Koha